[Event "4th GRENKE Open 2019"]
[Site "Karlsruhe"]
[Date "2019.04.21"]
[Round "6.64"]
[White "Fedorovsky, Michael"]
[Black "Euler, Gerd"]
[Result "1-0"]
[WhiteElo "2442"]
[BlackElo "2292"]
[Annotator "NA"]
[PlyCount "54"]
[EventDate "2019.04.18"]
[EventType "swiss"]
[EventCountry "GER"]
[SourceTitle "playchess.com"]
[Source "ChessBase"]
[SourceQuality "1"]

1. e4 c6 2. d4 g6 3. Nc3 d5 4. h3 Nh6 5. Nf3 f6 6. Bd3 Nf7 7. Bf4 Bg7 8. Qe2 O-O 9. e5 Na6 10. a3 c5 11. Bxa6 bxa6 12. dxc5 d4 13. Rd1 fxe5 14. Nxe5 Qa5 15. Rxd4 Bxe5 16. Bxe5 Bb7 17. O-O Qxc5 18. Re1 Rac8 19. Qe3 Qc6 20. Nd5 Rce8 21. Qb3 e6 22. Nf6+ Kh8 23. Nxe8+ Nxe5 24. Qg3 Rxe8 25. Rxe5 Qxc2 26. Qc3 Qb1+ 27. Re1 Qe4 1-0

[Event "4th GRENKE Open 2019"]
[Site "Karlsruhe"]
[Date "2019.04.21"]
[Round "6.65"]
[White "Godzwon, Iwo"]
[Black "Korley, Kassa"]
[Result "0-1"]
[WhiteElo "2277"]
[BlackElo "2440"]
[Annotator "NA"]
[PlyCount "108"]
[EventDate "2019.04.18"]
[EventType "swiss"]
[EventCountry "GER"]
[SourceTitle "playchess.com"]
[Source "ChessBase"]
[SourceQuality "1"]

1. e4 c6 2. d4 d5 3. Nd2 dxe4 4. Nxe4 Nf6 5. Nxf6+ exf6 6. c3 Bf5 7. Bd3 Qd7 8. Ne2 Na6 9. Ng3 Bxd3 10. Qxd3 Nc5 11. Qc2 Ne6 12. Be3 Be7 13. O-O-O O-O 14. h4 Rfe8 15. Nf5 Bf8 16. g4 g6 17. Ng3 Nc7 18. Ne4 Nd5 19. g5 f5 20. Nf6+ Nxf6 21. gxf6 h5 22. Bf4 Qe6 23. Be5 Qxa2 24. f4 Bh6 25. b3 Qa1+ 26. Kd2 Qa5 27. Rhf1 c5 28. Ra1 Qb6 29. Ra4 Qc6 30. Kc1 b5 31. Ra2 a5 32. Qg2 Qb6 33. Kb1 cxd4 34. cxd4 a4 35. Rg1 Rad8 36. bxa4 Rxd4 37. Bxd4 Qxd4 38. axb5 Bxf4 39. Rb2 Rb8 40. Re1 Be5 41. Rxe5 Qxe5 42. Qc6 Qe1+ 43. Ka2 Qa5+ 44. Kb1 Qa4 45. Qc2 Qxh4 46. b6 Qe1+ 47. Qc1 Qe4+ 48. Qc2 Qxc2+ 49. Kxc2 h4 50. Kd3 h3 51. Ke3 h2 52. Rxh2 Rxb6 53. Kf4 Rxf6 54. Kg5 Kg7 0-1

[Event "4th GRENKE Open 2019"]
[Site "Karlsruhe"]
[Date "2019.04.21"]
[Round "6.66"]
[White "Froewis, Georg"]
[Black "Stein, Robert"]
[Result "1/2-1/2"]
[WhiteElo "2438"]
[BlackElo "2287"]
[Annotator "NA"]
[PlyCount "45"]
[EventDate "2019.04.18"]
[EventType "swiss"]
[EventCountry "GER"]
[SourceTitle "playchess.com"]
[Source "ChessBase"]
[SourceQuality "1"]

1. Nf3 Nf6 2. g3 g6 3. b3 Bg7 4. Bb2 O-O 5. Bg2 d5 6. c4 c6 7. O-O Bg4 8. d3 Bxf3 9. Bxf3 e6 10. Nc3 Nbd7 11. Bg2 a5 12. Qc2 Qe7 13. Rad1 Rfd8 14. d4 Rac8 15. e4 dxe4 16. Nxe4 Nxe4 17. Qxe4 a4 18. Qc2 axb3 19. axb3 Nf6 20. Rfe1 Rd7 21. Bc3 Qd8 22. Qb2 Ne8 23. Rd2 1/2-1/2

[Event "4th GRENKE Open 2019"]
[Site "Karlsruhe"]
[Date "2019.04.21"]
[Round "6.67"]
[White "Carow, Johannes"]
[Black "Reza, Wojciech"]
[Result "1-0"]
[WhiteElo "2434"]
[BlackElo "2285"]
[Annotator "NA"]
[PlyCount "66"]
[EventDate "2019.04.18"]
[EventType "swiss"]
[EventCountry "GER"]
[SourceTitle "playchess.com"]
[Source "ChessBase"]
[SourceQuality "1"]

1. Nf3 Nf6 2. c4 e6 3. Nc3 d5 4. e3 Be7 5. b3 O-O 6. Bb2 b6 7. cxd5 exd5 8. Be2 Bb7 9. O-O Na6 10. d4 c6 11. Rc1 Nc7 12. Qc2 Bd6 13. Bd3 Re8 14. e4 dxe4 15. Nxe4 Ncd5 16. Nxf6+ Nxf6 17. Ne5 Rc8 18. Bc4 Rc7 19. Rfe1 Nd5 20. a3 f6 21. Bd3 fxe5 22. Bxh7+ Kh8 23. dxe5 Bc5 24. b4 Bxf2+ 25. Qxf2 Kxh7 26. e6 Qg5 27. Re5 Qg6 28. Rxd5 Rxe6 29. Qh4+ Kg8 30. Rh5 Re4 31. Rh8+ Kf7 32. Rf1+ Ke6 33. Re8+ Kd5 1-0

[Event "4th GRENKE Open 2019"]
[Site "Karlsruhe"]
[Date "2019.04.21"]
[Round "6.68"]
[White "Raja Harshit"]
[Black "Odnorozhenko, Evgenyi"]
[Result "1-0"]
[WhiteElo "2432"]
[BlackElo "2275"]
[Annotator "NA"]
[PlyCount "63"]
[EventDate "2019.04.18"]
[EventType "swiss"]
[EventCountry "GER"]
[SourceTitle "playchess.com"]
[Source "ChessBase"]
[SourceQuality "1"]

1. e4 b6 2. d4 Bb7 3. Bd3 Nf6 4. Qe2 Nc6 5. c3 e5 6. Nf3 d6 7. O-O Nd7 8. Ba6 Qc8 9. Bc4 Be7 10. Bg5 Qd8 11. d5 Ncb8 12. Be3 O-O 13. a4 c6 14. Rd1 cxd5 15. Bxd5 Bxd5 16. Rxd5 Nf6 17. Rd1 Nbd7 18. Bg5 Nh5 19. Bc1 Nhf6 20. Na3 Ne8 21. Nc4 Qc7 22. Ne3 Ndf6 23. Nf5 g6 24. Nxe7+ Qxe7 25. Bh6 Ng7 26. a5 Qb7 27. Rxd6 Nxe4 28. a6 Qc7 29. Rd5 f5 30. Rad1 Rfd8 31. Rxd8+ Rxd8 32. Qc4+ 1-0

[Event "4th GRENKE Open 2019"]
[Site "Karlsruhe"]
[Date "2019.04.21"]
[Round "6.69"]
[White "Riess, Alexander"]
[Black "Lagunow, Raphael"]
[Result "1-0"]
[WhiteElo "2282"]
[BlackElo "2428"]
[Annotator "NA"]
[PlyCount "93"]
[EventDate "2019.04.18"]
[EventType "swiss"]
[EventCountry "GER"]
[SourceTitle "playchess.com"]
[Source "ChessBase"]
[SourceQuality "1"]

1. d4 Nf6 2. c4 g6 3. Nc3 Bg7 4. e4 O-O 5. Nf3 d6 6. Be2 c5 7. d5 Na6 8. O-O e5 9. Ne1 Ne8 10. Nd3 f5 11. a3 Nac7 12. b4 b6 13. Rb1 Nf6 14. f3 f4 15. Bd2 h5 16. bxc5 bxc5 17. Nf2 Bd7 18. Rb7 Qc8 19. Qb3 g5 20. h3 Na6 21. Rb1 g4 22. hxg4 hxg4 23. fxg4 Nh7 24. Ncd1 Ng5 25. Qc3 Bh6 26. Bf3 Be8 27. Qa5 Rf7 28. Qxa6 Rb8 29. Qxd6 Rbxb7 30. Rxb7 Rxb7 31. Qxh6 Qd8 32. Bc3 Rb6 33. Ba5 Rxh6 34. Bxd8 Nxf3+ 35. gxf3 Ra6 36. Be7 Rxa3 37. Bxc5 Ra4 38. Nb2 Ra1+ 39. Kg2 a5 40. Nbd3 a4 41. Nxe5 a3 42. Bxa3 Rxa3 43. c5 Kg7 44. d6 Kf6 45. d7 Bxd7 46. Nxd7+ Ke6 47. Nb6 1-0

[Event "4th GRENKE Open 2019"]
[Site "Karlsruhe"]
[Date "2019.04.21"]
[Round "6.71"]
[White "Hecht, Carsten"]
[Black "Gilevych, Artem"]
[Result "1/2-1/2"]
[WhiteElo "2273"]
[BlackElo "2423"]
[Annotator "NA"]
[PlyCount "35"]
[EventDate "2019.04.18"]
[EventType "swiss"]
[EventCountry "GER"]
[SourceTitle "playchess.com"]
[Source "ChessBase"]
[SourceQuality "1"]

1. e4 e6 2. d4 d5 3. Nc3 Bb4 4. e5 Ne7 5. Qg4 Nf5 6. Nf3 c5 7. dxc5 d4 8. a3 Bxc3+ 9. bxc3 dxc3 10. Bd3 h5 11. Qb4 Nc6 12. Qxc3 O-O 13. O-O Qc7 14. Re1 Nce7 15. Qd2 Bd7 16. Qg5 g6 17. Nh4 Qd8 18. Nxf5 1/2-1/2

[Event "4th GRENKE Open 2019"]
[Site "Karlsruhe"]
[Date "2019.04.21"]
[Round "6.72"]
[White "Rosner, Jonas"]
[Black "Schmider, Niklas"]
[Result "1-0"]
[WhiteElo "2416"]
[BlackElo "2260"]
[Annotator "NA"]
[PlyCount "85"]
[EventDate "2019.04.18"]
[EventType "swiss"]
[EventCountry "GER"]
[SourceTitle "playchess.com"]
[Source "ChessBase"]
[SourceQuality "1"]

1. e4 c5 2. Nf3 d6 3. d4 cxd4 4. Nxd4 Nf6 5. Nc3 a6 6. Be3 Ng4 7. Bc1 Nf6 8. f3 Qb6 9. g4 Nc6 10. Nb3 e6 11. Qe2 Nd7 12. Be3 Qc7 13. O-O-O b5 14. Qf2 Nce5 15. a3 Rb8 16. Rg1 b4 17. axb4 Rxb4 18. f4 Nc4 19. Rd4 Ndb6 20. Nd2 d5 21. Nxc4 Nxc4 22. Bxc4 dxc4 23. f5 Be7 24. g5 O-O 25. f6 Bc5 26. Rg3 Bxd4 27. Bxd4 Qa5 28. fxg7 Rd8 29. g6 hxg6 30. Rh3 Qg5+ 31. Kb1 e5 32. Be3 Qe7 33. Bc5 Rxb2+ 34. Kxb2 Qb7+ 35. Kc1 Bxh3 36. Qh4 Kxg7 37. Qxd8 Qc8 38. Qd6 Qe6 39. Qf8+ Kh7 40. Nd5 g5 41. Be7 f5 42. Bxg5 fxe4 43. Nf6+ 1-0

[Event "4th GRENKE Open 2019"]
[Site "Karlsruhe"]
[Date "2019.04.21"]
[Round "6.73"]
[White "Kristensen, Kaare Hove"]
[Black "Gokerkan, Cem Kaan"]
[Result "1/2-1/2"]
[WhiteElo "2259"]
[BlackElo "2413"]
[Annotator "NA"]
[PlyCount "79"]
[EventDate "2019.04.18"]
[EventType "swiss"]
[EventCountry "GER"]
[SourceTitle "playchess.com"]
[Source "ChessBase"]
[SourceQuality "1"]

1. d4 Nf6 2. Nf3 c5 3. e3 e6 4. c4 cxd4 5. exd4 Be7 6. Nc3 O-O 7. Bd3 b6 8. O-O Bb7 9. Re1 d5 10. cxd5 Nxd5 11. Ne5 Nd7 12. Nxd5 Bxd5 13. Qg4 f5 14. Qe2 Nxe5 15. dxe5 Rc8 16. Bd2 Qe8 17. Rec1 Rxc1+ 18. Rxc1 Qa8 19. Bc4 Rd8 20. Bc3 Qc6 21. Bxd5 Qxd5 22. a3 a5 23. g3 Qb3 24. Rc2 Rc8 25. Qa6 Rd8 26. Qe2 Rd5 27. Rd2 g6 28. Rxd5 Qxd5 29. a4 Kf7 30. Qd2 Qc6 31. b3 g5 32. Qd3 g4 33. Qc4 Qf3 34. Bd4 f4 35. gxf4 h5 36. Bxb6 h4 37. f5 Qd1+ 38. Qf1 Qxb3 39. fxe6+ Kxe6 40. Bxa5 1/2-1/2

[Event "4th GRENKE Open 2019"]
[Site "Karlsruhe"]
[Date "2019.04.21"]
[Round "6.75"]
[White "Lavrinenkov, Vadim"]
[Black "Baskin, Robert"]
[Result "1/2-1/2"]
[WhiteElo "2256"]
[BlackElo "2394"]
[Annotator "NA"]
[PlyCount "69"]
[EventDate "2019.04.18"]
[EventType "swiss"]
[EventCountry "GER"]
[SourceTitle "playchess.com"]
[Source "ChessBase"]
[SourceQuality "1"]

1. d4 d5 2. c4 e6 3. Nf3 c6 4. Nbd2 Nf6 5. g3 Be7 6. Bg2 O-O 7. O-O b6 8. b3 Nbd7 9. Bb2 Bb7 10. Qc2 Rc8 11. e4 c5 12. exd5 exd5 13. Ne5 cxd4 14. Bxd4 Nc5 15. Rfd1 Ne6 16. Bb2 Qc7 17. Qf5 dxc4 18. Ndxc4 g6 19. Qh3 Ng5 20. Qh6 Bxg2 21. Kxg2 Qb7+ 22. f3 b5 23. Qxg5 bxc4 24. Rd7 Nxd7 25. Qxe7 Rce8 26. Ng4 h5 27. Nf6+ Nxf6 28. Qxb7 Re2+ 29. Kh3 Rxb2 30. Qxa7 Re8 31. bxc4 Ree2 32. Kh4 Re5 33. Kh3 Ree2 34. Kh4 Re5 35. Kh3 1/2-1/2

[Event "4th GRENKE Open 2019"]
[Site "Karlsruhe"]
[Date "2019.04.21"]
[Round "6.76"]
[White "Groetzbach, Julian"]
[Black "Hacker, Jonas"]
[Result "1/2-1/2"]
[WhiteElo "2250"]
[BlackElo "2392"]
[Annotator "NA"]
[PlyCount "58"]
[EventDate "2019.04.18"]
[EventType "swiss"]
[EventCountry "GER"]
[SourceTitle "playchess.com"]
[Source "ChessBase"]
[SourceQuality "1"]

1. e4 e5 2. Nf3 Nc6 3. Bb5 a6 4. Ba4 Nf6 5. O-O Be7 6. Re1 b5 7. Bb3 d6 8. c3 O-O 9. a4 b4 10. a5 Rb8 11. Bc4 d5 12. exd5 Nxd5 13. Nxe5 Nxe5 14. Rxe5 Bb7 15. d4 Bf6 16. Re1 c5 17. Be3 cxd4 18. Bxd4 Nf4 19. Bf1 Bxd4 20. Qxd4 Qxd4 21. cxd4 Ne6 22. Rd1 Rfd8 23. d5 Bxd5 24. Bxa6 Nc5 25. Be2 Nb3 26. Ra4 Nc5 27. Ra1 Nb3 28. Ra4 Nc5 29. Ra1 Nb3 1/2-1/2

[Event "4th GRENKE Open 2019"]
[Site "Karlsruhe"]
[Date "2019.04.21"]
[Round "6.77"]
[White "Ashwath, R.."]
[Black "Kitze, Alexander"]
[Result "1/2-1/2"]
[WhiteElo "2388"]
[BlackElo "2250"]
[Annotator "NA"]
[PlyCount "46"]
[EventDate "2019.04.18"]
[EventType "swiss"]
[EventCountry "GER"]
[SourceTitle "playchess.com"]
[Source "ChessBase"]
[SourceQuality "1"]

1. Nf3 Nf6 2. c4 g6 3. Nc3 c5 4. d4 cxd4 5. Nxd4 Bg7 6. e4 d6 7. Be2 O-O 8. Be3 Nc6 9. Nc2 Be6 10. O-O Qa5 11. f3 Ne5 12. Nd5 Bxd5 13. exd5 Rac8 14. b3 b5 15. f4 Ned7 16. b4 Qc7 17. Nd4 bxc4 18. Bf3 Nb6 19. Nb5 Qd7 20. Nc3 Qf5 21. Nb5 Qd7 22. a4 Nfxd5 23. Nc3 Nf6 1/2-1/2

[Event "4th GRENKE Open 2019"]
[Site "Karlsruhe"]
[Date "2019.04.21"]
[Round "6.78"]
[White "Humburg, Philipp"]
[Black "Grigorian, Spartak"]
[Result "0-1"]
[WhiteElo "2244"]
[BlackElo "2384"]
[Annotator "NA"]
[PlyCount "58"]
[EventDate "2019.04.18"]
[EventType "swiss"]
[EventCountry "GER"]
[SourceTitle "playchess.com"]
[Source "ChessBase"]
[SourceQuality "1"]

1. d4 Nf6 2. c4 e6 3. Nc3 Bb4 4. Bd2 O-O 5. Nf3 d5 6. e3 a6 7. Be2 b6 8. O-O Bd6 9. Qc2 Bb7 10. cxd5 exd5 11. Rfc1 Nbd7 12. Bf1 Qe7 13. g3 c5 14. Bg2 Rfc8 15. Re1 g6 16. Rad1 Rc7 17. Qb1 b5 18. dxc5 Nxc5 19. Ne2 Nce4 20. Ba5 Nxf2 21. Ned4 Nxd1 22. Bxc7 Qxc7 23. Qxd1 Re8 24. Qd2 Ne4 25. Qc2 Qa5 26. a3 Qb6 27. Bh3 Bf8 28. Re2 Bh6 29. Bg2 Nd6 0-1

[Event "4th GRENKE Open 2019"]
[Site "Karlsruhe"]
[Date "2019.04.21"]
[Round "6.79"]
[White "Nebolsina, Vera"]
[Black "Ambartsumova, Karina"]
[Result "1/2-1/2"]
[WhiteElo "2242"]
[BlackElo "2377"]
[Annotator "NA"]
[PlyCount "48"]
[EventDate "2019.04.18"]
[EventType "swiss"]
[EventCountry "GER"]
[SourceTitle "playchess.com"]
[Source "ChessBase"]
[SourceQuality "1"]

1. e4 e5 2. Nf3 Nc6 3. Bb5 a6 4. Ba4 Nf6 5. O-O Be7 6. Re1 b5 7. Bb3 O-O 8. c3 d5 9. d4 Nxe4 10. dxe5 Be6 11. Be3 Qd7 12. Nbd2 Nxd2 13. Qxd2 Na5 14. Bc2 Nc4 15. Qd3 g6 16. Bc1 f6 17. Bh6 Rfe8 18. b3 Nxe5 19. Rxe5 fxe5 20. Nxe5 Qd6 21. Nxg6 Bf5 22. Nxe7+ Qxe7 23. Qg3+ Bg6 24. h4 Kf7 1/2-1/2

[Event "4th GRENKE Open 2019"]
[Site "Karlsruhe"]
[Date "2019.04.21"]
[Round "6.80"]
[White "Lye, Lik Zang"]
[Black "Hoerstmann, Martin"]
[Result "1-0"]
[WhiteElo "2377"]
[BlackElo "2240"]
[Annotator "NA"]
[PlyCount "41"]
[EventDate "2019.04.18"]
[EventType "swiss"]
[EventCountry "GER"]
[SourceTitle "playchess.com"]
[Source "ChessBase"]
[SourceQuality "1"]

1. d4 g6 2. c4 Bg7 3. Nc3 d6 4. e4 e5 5. d5 a5 6. Be2 f5 7. exf5 gxf5 8. g4 Na6 9. gxf5 Nf6 10. Nf3 Bxf5 11. Nh4 Bd7 12. Bh5+ Kf8 13. Bg5 Nc5 14. Qc2 Qe7 15. b3 e4 16. O-O-O Kg8 17. Rhe1 Qf8 18. Kb1 Re8 19. Be2 Re7 20. Rg1 Kf7 21. Rg3 1-0

[Event "4th GRENKE Open 2019"]
[Site "Karlsruhe"]
[Date "2019.04.21"]
[Round "6.81"]
[White "Giessmann, Stephan"]
[Black "Colpe, Malte"]
[Result "0-1"]
[WhiteElo "2237"]
[BlackElo "2374"]
[Annotator "NA"]
[PlyCount "66"]
[EventDate "2019.04.18"]
[EventType "swiss"]
[EventCountry "GER"]
[SourceTitle "playchess.com"]
[Source "ChessBase"]
[SourceQuality "1"]

1. d4 Nf6 2. Nf3 d5 3. c4 e6 4. Nc3 Bb4 5. e3 O-O 6. Bd3 c5 7. O-O cxd4 8. exd4 dxc4 9. Bxc4 b6 10. Bg5 Bb7 11. Re1 Nbd7 12. Rc1 Rc8 13. Qb3 Bxc3 14. Rxc3 h6 15. Bh4 Qe8 16. Qa3 a6 17. Rec1 b5 18. Be2 Rxc3 19. Qxc3 Qa8 20. Qd2 Rc8 21. Rxc8+ Qxc8 22. Ne5 Bd5 23. a3 Ne4 24. Qd1 Nd6 25. Nxd7 Qxd7 26. f3 Bc4 27. Bf2 Bxe2 28. Qxe2 Qc6 29. Be3 Nf5 30. g4 Ne7 31. Kf2 Nd5 32. Qd3 Qc7 33. Kg2 Qc2+ 0-1

[Event "4th GRENKE Open 2019"]
[Site "Karlsruhe"]
[Date "2019.04.21"]
[Round "6.82"]
[White "Chekletsov, Ilya"]
[Black "Suvorov, Luca"]
[Result "1-0"]
[WhiteElo "2373"]
[BlackElo "2236"]
[Annotator "NA"]
[PlyCount "83"]
[EventDate "2019.04.18"]
[EventType "swiss"]
[EventCountry "GER"]
[SourceTitle "playchess.com"]
[Source "ChessBase"]
[SourceQuality "1"]

1. d4 Nf6 2. c4 e6 3. g3 d5 4. Bg2 Bb4+ 5. Nd2 c6 6. Qc2 O-O 7. Ngf3 Nbd7 8. O-O Qe7 9. e4 dxe4 10. Nxe4 Nxe4 11. Qxe4 Nf6 12. Qe2 Rd8 13. Rd1 Bd6 14. Bd2 Bd7 15. Ne5 Be8 16. Nd3 Rac8 17. Bc3 b6 18. b4 b5 19. Nc5 bxc4 20. Qxc4 Nd5 21. Re1 Rb8 22. Rab1 Rb6 23. a3 Rdb8 24. Rbc1 Rb5 25. Bd2 Rd8 26. Re2 Rb6 27. Nb3 h6 28. h3 Bd7 29. Na5 Qf6 30. Ree1 Nc7 31. Qd3 Bf8 32. Nc4 Ra6 33. Bf4 Nb5 34. Be5 Qf5 35. Qe3 Be8 36. Red1 f6 37. g4 Qg6 38. Bg3 Qf7 39. Na5 Bd6 40. Bxd6 Rxd6 41. a4 Nc7 42. Nb7 1-0

[Event "4th GRENKE Open 2019"]
[Site "Karlsruhe"]
[Date "2019.04.21"]
[Round "6.83"]
[White "Kramer, Julian"]
[Black "Wilhelm, Till"]
[Result "1/2-1/2"]
[WhiteElo "2369"]
[BlackElo "2234"]
[Annotator "NA"]
[PlyCount "59"]
[EventDate "2019.04.18"]
[EventType "swiss"]
[EventCountry "GER"]
[SourceTitle "playchess.com"]
[Source "ChessBase"]
[SourceQuality "1"]

1. e4 e5 2. Nf3 Nc6 3. Bc4 Bc5 4. O-O Nf6 5. d3 a6 6. a4 d6 7. c3 h6 8. Re1 O-O 9. Nbd2 Ba7 10. h3 Re8 11. Qb3 Qe7 12. a5 Rb8 13. Nf1 Be6 14. Be3 Bxc4 15. dxc4 Qe6 16. Bxa7 Nxa7 17. N3d2 Nc6 18. Ne3 Nd8 19. Nd5 Nxd5 20. cxd5 Qg6 21. Qc2 Rf8 22. g4 h5 23. f3 f6 24. Nf1 Nf7 25. Ng3 hxg4 26. hxg4 Qg5 27. Kf2 g6 28. Rh1 Kg7 29. Qc1 Rh8 30. Qxg5 1/2-1/2

[Event "4th GRENKE Open 2019"]
[Site "Karlsruhe"]
[Date "2019.04.21"]
[Round "6.84"]
[White "Stark, Lars"]
[Black "Huber, Philipp"]
[Result "1-0"]
[WhiteElo "2362"]
[BlackElo "2208"]
[Annotator "NA"]
[PlyCount "81"]
[EventDate "2019.04.18"]
[EventType "swiss"]
[EventCountry "GER"]
[SourceTitle "playchess.com"]
[Source "ChessBase"]
[SourceQuality "1"]

1. c4 Nf6 2. g3 g6 3. Bg2 d5 4. Nf3 Bg7 5. Qa4+ c6 6. cxd5 Nxd5 7. Nc3 Nb6 8. Qc2 e5 9. d3 O-O 10. Bg5 f6 11. Bd2 Be6 12. O-O Na6 13. Rfc1 Qd7 14. Ne4 Kh8 15. Nc5 Nxc5 16. Qxc5 Rfd8 17. b4 Qf7 18. Qc2 Rd7 19. Rcb1 Rad8 20. a4 g5 21. a5 Nc8 22. a6 bxa6 23. Rxa6 Ne7 24. Qc5 Nf5 25. e4 Ne7 26. Ne1 Bf8 27. Qa5 Rb8 28. Rc1 Rbb7 29. Be3 Ng8 30. Bd2 Rb5 31. Qa3 Rdb7 32. Rcxc6 Bd7 33. Rc4 Be6 34. Rcc6 Bd7 35. Rc1 Bg4 36. Nc2 Be2 37. Re1 Qh5 38. Rxa7 Rxa7 39. Qxa7 Bxd3 40. Qd7 Be2 41. Ne3 1-0

[Event "4th GRENKE Open 2019"]
[Site "Karlsruhe"]
[Date "2019.04.21"]
[Round "6.85"]
[White "Michalczak, Thomas"]
[Black "Pranav Anand"]
[Result "1/2-1/2"]
[WhiteElo "2226"]
[BlackElo "2359"]
[Annotator "NA"]
[PlyCount "134"]
[EventDate "2019.04.18"]
[EventType "swiss"]
[EventCountry "GER"]
[SourceTitle "playchess.com"]
[Source "ChessBase"]
[SourceQuality "1"]

1. e4 e5 2. Nf3 Nc6 3. Bc4 Bc5 4. c3 Nf6 5. d4 exd4 6. cxd4 Bb4+ 7. Nc3 Nxe4 8. O-O Bxc3 9. d5 Bf6 10. Re1 Ne7 11. Rxe4 d6 12. Bg5 Bxg5 13. Nxg5 h6 14. Qe2 hxg5 15. Re1 Be6 16. h3 Kf8 17. dxe6 f6 18. Rg4 Rh6 19. Qf3 d5 20. Rxg5 dxc4 21. Rh5 Kg8 22. Rxh6 gxh6 23. Qxf6 Qf8 24. Qe5 Qf5 25. Qxc7 Rf8 26. Re2 Ng6 27. Qxc4 Re8 28. Re4 Re7 29. g4 Qf3 30. Re3 Qc6 31. Qd4 Rxe6 32. Rxe6 Qxe6 33. Qxa7 Qe1+ 34. Kg2 Qe4+ 35. f3 Qc2+ 36. Qf2 Nf4+ 37. Kg3 Qc7 38. Qd2 Nd5+ 39. f4 Qc4 40. b3 Qe4 41. f5 Kh7 42. a4 Kg7 43. Kh4 Qe5 44. Qd3 Qe1+ 45. Qg3 Qe7+ 46. g5 Qe4+ 47. Qg4 hxg5+ 48. Kxg5 Qe3+ 49. Kh4+ Kf8 50. Qg3 Qe7+ 51. Kg4 Nf6+ 52. Kf3 Qe4+ 53. Kf2 Qxf5+ 54. Qf3 Ne4+ 55. Ke3 Qxf3+ 56. Kxf3 Nd2+ 57. Ke3 Nxb3 58. Kd3 Na5 59. Kc3 Ke7 60. Kb4 Nc6+ 61. Kb5 Kd7 62. Kb6 Kc8 63. a5 Nb8 64. h4 Nd7+ 65. Kb5 Nf6 66. a6 bxa6+ 67. Kxa6 Kd7 1/2-1/2

[Event "4th GRENKE Open 2019"]
[Site "Karlsruhe"]
[Date "2019.04.21"]
[Round "6.86"]
[White "Arcuti, Davide"]
[Black "Schulze, Marc"]
[Result "1-0"]
[WhiteElo "2358"]
[BlackElo "2181"]
[Annotator "NA"]
[PlyCount "101"]
[EventDate "2019.04.18"]
[EventType "swiss"]
[EventCountry "GER"]
[SourceTitle "playchess.com"]
[Source "ChessBase"]
[SourceQuality "1"]

1. d4 Nf6 2. Bg5 e6 3. Nf3 Be7 4. Nbd2 c5 5. e3 O-O 6. Bd3 b6 7. Qe2 cxd4 8. exd4 Bb7 9. Nc4 Nd5 10. Bxe7 Qxe7 11. Qd2 Rc8 12. c3 d6 13. O-O Nd7 14. Rfe1 N7f6 15. Ne3 Nxe3 16. Qxe3 Bd5 17. Nd2 b5 18. Qh3 Qb7 19. Re3 g6 20. Be2 Ne4 21. Nxe4 Bxe4 22. Qh6 Bd5 23. Re1 f6 24. Qf4 Qe7 25. Bg4 f5 26. Bf3 Bxa2 27. Bxa8 Rxa8 28. Rxe6 Bxe6 29. d5 Re8 30. dxe6 Qd7 31. Qe3 Qc8 32. h4 h5 33. Qxa7 Rxe6 34. Rxe6 Qxe6 35. Qb8+ Kh7 36. Qxb5 Qe1+ 37. Qf1 Qe4 38. Qd1 Qxh4 39. Qxd6 Qe4 40. Qd2 h4 41. f3 Qb7 42. b4 Qa7+ 43. Kh1 Qc7 44. f4 Qc4 45. Kh2 Qb5 46. Qf2 g5 47. Qc5 Qd7 48. fxg5 Qd3 49. Qe5 f4 50. Qxf4 Qxc3 51. Qf7+ 1-0

[Event "4th GRENKE Open 2019"]
[Site "Karlsruhe"]
[Date "2019.04.21"]
[Round "6.87"]
[White "Mahitosh Dey"]
[Black "Coenen, Michael"]
[Result "0-1"]
[WhiteElo "2187"]
[BlackElo "2357"]
[Annotator "NA"]
[PlyCount "72"]
[EventDate "2019.04.18"]
[EventType "swiss"]
[EventCountry "GER"]
[SourceTitle "playchess.com"]
[Source "ChessBase"]
[SourceQuality "1"]

1. e4 c5 2. Nf3 Nc6 3. d4 cxd4 4. Nxd4 d5 5. Bb5 dxe4 6. Nxc6 Qxd1+ 7. Kxd1 a6 8. Nxe7+ Kxe7 9. Be2 Be6 10. c3 f5 11. Kc2 Kf7 12. Be3 Nf6 13. Nd2 Nd5 14. Bc4 Nxe3+ 15. fxe3 Bxc4 16. Nxc4 Rc8 17. Nd2 Bc5 18. Rhe1 Rhd8 19. Nb3 Ba7 20. Rad1 h5 21. Rxd8 Rxd8 22. Nd4 g6 23. Rf1 h4 24. h3 Kf6 25. Kb3 Ke5 26. a4 Rf8 27. Kc2 f4 28. Kd1 g5 29. Ke2 Rc8 30. Nc2 Rd8 31. Nd4 Rd5 32. b3 Rd8 33. Rd1 Bb6 34. Rf1 Rc8 35. exf4+ gxf4 36. Kd2 Rg8 0-1

[Event "4th GRENKE Open 2019"]
[Site "Karlsruhe"]
[Date "2019.04.21"]
[Round "6.88"]
[White "Schelle, Artur"]
[Black "Vuilleumier, Alexandre"]
[Result "0-1"]
[WhiteElo "2168"]
[BlackElo "2354"]
[Annotator "NA"]
[PlyCount "44"]
[EventDate "2019.04.18"]
[EventType "swiss"]
[EventCountry "GER"]
[SourceTitle "playchess.com"]
[Source "ChessBase"]
[SourceQuality "1"]

1. d4 d6 2. Nc3 Nf6 3. e4 e5 4. dxe5 dxe5 5. Qxd8+ Kxd8 6. Bg5 Be6 7. O-O-O+ Nbd7 8. f4 exf4 9. Nf3 h6 10. Bxf4 Bb4 11. Nb5 Ba5 12. Nbd4 Ke7 13. Nf5+ Kf8 14. N3d4 Nc5 15. Nxe6+ fxe6 16. Nh4 Kf7 17. Bd3 Nxd3+ 18. cxd3 Rhe8 19. Nf3 Kg8 20. Ne5 Bb6 21. Rhf1 Rad8 22. g4 Bd4 0-1

[Event "4th GRENKE Open 2019"]
[Site "Karlsruhe"]
[Date "2019.04.21"]
[Round "6.89"]
[White "Reimann, Sebastian"]
[Black "Parkhov, Yair"]
[Result "1-0"]
[WhiteElo "2165"]
[BlackElo "2352"]
[Annotator "NA"]
[PlyCount "111"]
[EventDate "2019.04.18"]
[EventType "swiss"]
[EventCountry "GER"]
[SourceTitle "playchess.com"]
[Source "ChessBase"]
[SourceQuality "1"]

1. e4 c5 2. Nf3 d6 3. d4 cxd4 4. Nxd4 Nf6 5. Nc3 a6 6. Bg5 Nbd7 7. Qe2 h6 8. Bh4 g6 9. f4 e5 10. fxe5 dxe5 11. O-O-O Qc7 12. Nb3 b5 13. Qf3 Bg7 14. g4 Bb7 15. g5 hxg5 16. Bxg5 Rc8 17. Bd3 O-O 18. a3 Nh5 19. Be7 Rfe8 20. Bb4 Nf8 21. Nc5 Ne6 22. Nxe6 Rxe6 23. Nd5 Qd8 24. Rhf1 Qe8 25. Qg4 Nf4 26. Nxf4 exf4 27. Qxf4 Bxe4 28. Kb1 Bxd3 29. Rxd3 Rf6 30. Qxf6 Bxf6 31. Rxf6 Rd8 32. Rxd8 Qxd8 33. Rxa6 Qd1+ 34. Ka2 Qxc2 35. Bc3 g5 36. Ra8+ Kh7 37. Rh8+ Kg6 38. Rg8+ Kf5 39. Rg7 Kg4 40. h3+ Kh5 41. Rg8 Qe4 42. Rh8+ Kg6 43. Rg8+ Kf5 44. Rf8 Qd5+ 45. Ka1 Kf4 46. Re8 Qh1+ 47. Ka2 Qxh3 48. Re2 Qd7 49. Rd2 Qe6+ 50. Ka1 g4 51. Rd4+ Kg3 52. Rd1 f5 53. Re1 Qd5 54. Re3+ Kf4 55. Re1 g3 56. Rf1+ 1-0